[Event "Rus Women's Ch"]
[Site "Elista"]
[Date "2002.05.16"]
[Round "6"]
[White "Mirzoeva E"]
[Black "Chasovnikova E"]
[Result "0-1"]
[WhiteTitle "IM"]
[WhiteElo "2296"]
[WhiteCountry "RUS"]
[BlackTitle "IM"]
[BlackElo "2222"]
[BlackCountry "RUS"]
[Remark "Message"]
[PresId "612"]

1. e4 c6 2. Nf3 d5 3. Nc3 Bg4 4. Be2 Nf6 5. h3 Bh5 6. e5 Bxf3 7. Bxf3
Nfd7 8. Qe2 e6 9. O-O Be7 10. Bg4 O-O 11. d4 c5 12. dxc5 Nc6 13. Bf4
Bxc5 14. Rad1 Bd4 15. Nb5 Bxe5 16. c4 Bxf4 17. cxd5 Nce5 18. dxe6 fxe6
19. Bxe6+ Kh8 20. Bxd7 Nxd7 21. Qg4 Rf7 22. Rfe1 Qa5 23. Qe6 Raf8 24.
Rd5 Rf6 25. Qe4 Nb6 26. Rh5 g6 27. b4 Qxa2 28. Rc5 Bd6 29. Rc2 Qf7 30.
Qd4 Bb8 31. Nc3 Kg8 32. Ne4 Re6 33. g3 Be5 34. Qd2 Bg7 35. Ng5 Rxe1+
36. Qxe1 Qf5 37. Rc5 Qf6 38. Qe2 Nd7 39. Ra5 Ne5 40. Qa2+ Kh8 41. Ne6
Re8 42. Nc7 Rc8 43. Rc5 Qd6 44. Qxa7 Qd1+ 45. Kg2 Qf3+ 46. Kg1 Nd3 47.
Rc4 Be5 48. Ne6 Re8 49. Ng5 Qf6 50. f4 Bb2 51. Qxb7 Bd4+ 52. Kh1 Re1+
53. Kg2 Re2+ 54. Kf3 Re3+ 55. Kg4 Ne5+ 56. fxe5 Rxg3+ 57. Kxg3 Qf2+
58. Kg4 h5# 0-1

[Event "Rus Women's Ch"]
[Site "Elista"]
[Date "2002.05.16"]
[Round "6"]
[White "Tomilova E"]
[Black "Guseva O"]
[Result "0-1"]
[WhiteElo "2311"]
[WhiteCountry "RUS"]
[BlackElo "2226"]
[BlackCountry "RUS"]
[Remark "Message"]
[PresId "616"]

1. e4 c5 2. Nf3 Nc6 3. d4 cxd4 4. Nxd4 Nf6 5. Nc3 d6 6. Bc4 e6 7. Bb3
Be7 8. Be3 a6 9. O-O O-O 10. f4 Qc7 11. Qf3 Bd7 12. f5 e5 13. Nde2 Na5
14. Rad1 Nxb3 15. axb3 b5 16. Bg5 Bc6 17. Bxf6 Bxf6 18. Ng3 b4 19.
Nce2 Bb5 20. c4 bxc3 21. bxc3 Bxe2 22. Nxe2 Qb6+ 23. Kh1 Qxb3 24.
Rxd6 Rfd8 25. Rxd8+ Rxd8 26. Ng3 a5 27. Nh5 a4 28. Qg3 Kf8 29. c4 Qxc4
30. Re1 Rd3 31. Qf2 Qd4 32. Qc2 Rd2 33. Qc8+ Bd8 34. f6 g6 35. Ng3 Qf2
36. Rg1 Qxf6 37. Qc5+ Qd6 38. Qc4 Qd4 39. Qc1 Bb6 40. Rf1 Bc5 41. Qb1
Qb2 42. Qxb2 Rxb2 43. h3 a3 44. Ra1 a2 45. Kh2 Bd4 0-1

[Event "Rus Women's Ch"]
[Site "Elista"]
[Date "2002.05.16"]
[Round "6"]
[White "Kursova M"]
[Black "Chistyakova T"]
[Result "1-0"]
[WhiteElo "2255"]
[WhiteCountry "RUS"]
[BlackElo "2207"]
[BlackCountry "RUS"]
[Remark "Message"]
[PresId "607"]

1. d4 d5 2. Nf3 e6 3. c4 dxc4 4. e3 a6 5. Bxc4 c5 6. O-O b5 7. Bb3 Bb7
8. Qe2 Nf6 9. Rd1 Nbd7 10. a4 c4 11. Bc2 Be7 12. b3 cxb3 13. Bxb3 b4
14. a5 O-O 15. Bb2 Ne4 16. Nfd2 Bd6 17. Nxe4 Bxe4 18. Nd2 Bc6 19. Bc4
Qh4 20. h3 Nf6 21. Bxa6 Qg5 22. f3 Rxa6 23. Qxa6 Qxe3+ 24. Kh1 Qf4 25.
Nf1 Bxf3 26. Rd2 Ne4 27. Rc2 Qf5 28. gxf3 Qxf3+ 29. Kg1 Qxh3 30. Rg2
Bf4 31. Qe2 f5 32. a6 Ng5 33. a7 Ra8 34. Nh2 Bxh2+ 35. Rxh2 Nf3+ 36.
Kh1 Nxh2 37. Qxh2 Qf3+ 38. Qg2 Qd5 39. Ra5 Qd8 40. Ra1 Qd5 41. Ra5 Qd8
42. Kg1 g6 43. Ra1 Qd5 44. Ra5 Qd8 45. Qb7 Qg5+ 46. Kf1 Qf4+ 47. Ke2
Qh2+ 48. Kd3 Qxb2 49. Qxa8+ Kg7 50. Qb7+ Kf6 51. Kc4 Qc3+ 52. Kb5 Qd3+
53. Kc6 Qc3+ 54. Rc5 Qf3+ 55. Kb6 1-0

[Event "Rus Women's Ch"]
[Site "Elista"]
[Date "2002.05.16"]
[Round "6"]
[White "Shaydullina S"]
[Black "Stepovaya T"]
[Result "1/2-1/2"]
[WhiteElo "2245"]
[WhiteCountry "RUS"]
[BlackTitle "GM"]
[BlackElo "2428"]
[BlackCountry "RUS"]
[Remark "Message"]
[PresId "611"]

1. Nf3 d5 2. d4 c6 3. c4 e6 4. Nbd2 f5 5. g3 Nf6 6. Bg2 Bd6 7. O-O O-O
8. b3 b6 9. Bb2 Bb7 10. Ne5 Qe7 11. Rc1 Rc8 12. Qc2 Nbd7 13. Nxd7 Nxd7
14. cxd5 cxd5 15. Qd3 a5 16. Rxc8+ Rxc8 17. Rc1 Qe8 18. Qb1 Ba6 19.
Bf1 Nf6 20. Rc2 Bb5 21. Nf3 h6 22. Qc1 Rxc2 23. Qxc2 a4 24. bxa4 Bxa4
25. Qc1 Bb5 26. Ba3 Bxa3 27. Qxa3 Bc4 28. Ne5 b5 29. Qa6 Kh7 30. f3
Qe7 31. a3 Ne8 32. a4 Nd6 33. axb5 Bxb5 34. Qb6 g5 35. Qc5 Kg7 36. Kf2
h5 37. e3 Bxf1 38. Kxf1 Kf6 39. Ke2 h4 40. g4 fxg4 41. Nxg4+ Kg7 42.
e4 Qd7 43. exd5 Nf5 44. dxe6 Nxd4+ 45. Ke3 Nxe6 46. Qe5+ Kf7 47. Qf5+
Kg7 48. Qf6+ Kg8 49. Qg6+ Kf8 50. Qh6+ Ke7 51. Qf6+ Kd6 52. Qe5+ Kc6
53. Qc3+ Kb7 54. Qb4+ Kc7 55. Qa5+ Kb7 56. Qb4+ Kc7 57. Qa5+ Kb7 58.
Qb4+ Kc7 1/2-1/2

[Event "Rus Women's Ch"]
[Site "Elista"]
[Date "2002.05.16"]
[Round "6"]
[White "Fominyh M"]
[Black "Dordzhieva N"]
[Result "1/2-1/2"]
[WhiteElo "2163"]
[WhiteCountry "RUS"]
[BlackElo "2123"]
[BlackCountry "RUS"]
[Remark "Message"]
[PresId "617"]

1. e4 c5 2. Nf3 d6 3. d3 Nf6 4. g3 g6 5. Bg2 Bg7 6. O-O O-O 7. c3 Nc6
8. a3 Rb8 9. b4 b5 10. bxc5 dxc5 11. e5 Nd5 12. d4 c4 13. Nfd2 Bf5 14.
Qf3 e6 15. Ne4 Bxe4 16. Qxe4 Na5 17. Ra2 Nb3 18. Be3 Qa5 19. Rc2 Na1
20. Ra2 Nb3 21. Rc2 Na1 22. Ra2 Nb3 23. Rc2 Na1 1/2-1/2

[Event "Rus Women's Ch"]
[Site "Elista"]
[Date "2002.05.16"]
[Round "6"]
[White "Styazhkina O"]
[Black "Vasilevich I"]
[Result "1/2-1/2"]
[WhiteTitle "GM"]
[WhiteElo "2265"]
[WhiteCountry "RUS"]
[BlackElo "2208"]
[BlackCountry "RUS"]
[Remark "Message"]
[PresId "609"]

1. e4 c5 2. Nf3 e6 3. Nc3 Nc6 4. Bb5 Nd4 5. Bc4 a6 6. Nxd4 cxd4 7. Ne2
b5 8. Bb3 Bc5 9. c3 dxc3 10. bxc3 Bb7 11. d4 Be7 12. f3 Rc8 13. O-O
Nf6 14. Qd3 O-O 15. Bd2 Qb6 16. Ng3 Ne8 17. f4 a5 18. f5 e5 19. Be3 a4
20. Bd1 exd4 21. Bxd4 Bc5 22. Kh1 Bxd4 23. cxd4 Rc4 24. Be2 Qxd4 25.
Qf3 Rc3 26. Qf4 Bc6 27. Rad1 Qe3 28. Qh4 Nf6 29. Bf3 Re8 30. Rfe1 Qc5
31. e5 Rxe5 32. Nh5 Rce3 33. Rxe3 Qxe3 34. Nxf6+ gxf6 35. Bxc6 dxc6
36. Qg4+ Qg5 37. Qb4 Re8 38. Qc5 Qg4 39. Rg1 Qe4 40. h3 Re5 41. Qc3
Rxf5 42. Re1 Qh4 43. Rd1 Re5 44. Qxc6 Re1+ 45. Rxe1 Qxe1+ 46. Kh2 Qe5+
47. Kg1 Kg7 48. Qc2 Qd4+ 49. Kh2 Qc4 50. Qd1 a3 51. Qf3 Qc7+ 52. Kh1
Qc1+ 53. Kh2 Qc7+ 54. Kh1 Qd6 55. Qg4+ Kf8 56. Qc8+ Ke7 57. Qb7+ Qd7
58. Qe4+ Qe6 59. Qb4+ Qd6 1/2-1/2

[Event "Rus Women's Ch"]
[Site "Elista"]
[Date "2002.05.17"]
[Round "7"]
[White "Kosintseva N"]
[Black "Zimina O"]
[Result "1/2-1/2"]
[WhiteTitle "IM"]
[WhiteElo "2336"]
[WhiteCountry "RUS"]
[BlackTitle "IM"]
[BlackElo "2360"]
[BlackCountry "RUS"]
[Remark "Message"]
[PresId "703"]

1. e4 c6 2. d4 d5 3. exd5 cxd5 4. c4 Nf6 5. Nc3 e6 6. Nf3 Bb4 7. Bd3
dxc4 8. Bxc4 O-O 9. O-O Nbd7 10. Bg5 Bxc3 11. bxc3 Qc7 12. Qd3 b6 13.
Bb3 Bb7 14. c4 Rac8 15. Rfe1 Rfe8 16. Ne5 Nxe5 17. dxe5 Qc6 18. Qh3
Ne4 19. Bf4 Red8 20. Rad1 h6 21. Qg4 Qc5 22. Qf3 Ba8 23. Rxe4 Rxd1+
24. Bxd1 Bxe4 25. Qxe4 Qxc4 26. Qxc4 Rxc4 27. g3 g5 28. Be3 Re4 29.
Bb3 Rxe5 30. Kf1 f5 31. h3 Kf7 32. Kg2 Re4 33. Kf3 Rb4 34. Bd2 Rd4 35.
Ke3 Rd8 36. Bc3 Ke7 37. g4 Rc8 38. Bg7 Kf7 39. Bb2 Ke7 40. Kd4 Kf6 41.
Ke3+ Ke7 42. f3 Rd8 43. Bg7 Kf7 44. Be5 Ke7 45. Bc2 Rc8 46. Bd3 Rc1
47. gxf5 exf5 48. Bxf5 Re1+ 49. Kd4 Ra1 50. Bg7 Rxa2 51. Bxh6 Kf6 52.
Bg4 Rd2+ 53. Kc4 Rd8 54. f4 gxf4 55. Bxf4 Re8 56. Kd5 Kg6 57. h4 Rh8
58. Bg5 a5 59. Kc4 Re8 60. Bf3 Re5 61. Bf4 Rc5+ 62. Kd4 a4 63. h5+ Kf5
64. Bd2 a3 65. Bd5 Rxd5+ 1/2-1/2

[Event "Rus Women's Ch"]
[Site "Elista"]
[Date "2002.05.17"]
[Round "7"]
[White "Matveyeva S"]
[Black "Sudakova I"]
[Result "1-0"]
[WhiteTitle "GM"]
[WhiteElo "2437"]
[WhiteCountry "RUS"]
[BlackTitle "IM"]
[BlackElo "2369"]
[BlackCountry "RUS"]
[Remark "Message"]
[PresId "704"]

1. d4 d5 2. c4 c6 3. Nc3 e6 4. e4 Bb4 5. Bd3 dxc4 6. Bxc4 Nf6 7. e5
Nd5 8. Nge2 b5 9. Bd3 a6 10. O-O Bb7 11. Ne4 Nd7 12. Bg5 f6 13. exf6
N7xf6 14. N2g3 Qd7 15. a3 Be7 16. Nc5 Bxc5 17. dxc5 O-O 18. Qe2 Rae8
19. Qe5 Qc7 20. Qxc7 Nxc7 21. Rfe1 Bc8 22. Bf4 Ncd5 23. Bd6 Rf7 24. f3
Rd8 25. Bc2 Ne8 26. Ne4 Ndf6 27. Ng5 Nxd6 28. cxd6 Ra7 29. Rad1 c5 30.
Nxe6 Bxe6 31. Rxe6 Kf7 32. Re5 c4 33. Bf5 Rb7 34. Be6+ Kf8 35. g4 g6
36. Rd4 Kg7 37. Rc5 Rb6 38. Rc7+ Kh8 39. Rc8 Rb8 40. d7 1-0

[Event "Rus Women's Ch"]
[Site "Elista"]
[Date "2002.05.17"]
[Round "7"]
[White "Polovnikova E"]
[Black "Demina Y"]
[Result "1-0"]
[WhiteTitle "GM"]
[WhiteElo "2366"]
[WhiteCountry "RUS"]
[BlackTitle "GM"]
[BlackElo "2334"]
[BlackCountry "RUS"]
[Remark "Message"]
[PresId "702"]

1. e4 c5 2. Nc3 d6 3. g3 Nc6 4. Bg2 g6 5. d3 Bg7 6. f4 e6 7. Nf3 Nge7
8. O-O O-O 9. Be3 b6 10. Rb1 d5 11. Ne2 d4 12. Bd2 e5 13. Nh4 exf4 14.
gxf4 Bd7 15. f5 Nc8 16. Qe1 Bf6 17. Nf3 Ne5 18. Nxe5 Bxe5 19. f6 Bg4
20. Nf4 Qxf6 21. Nd5 Qd8 22. Nf6+ Bxf6 23. e5 Bh4 24. Qe4 Rb8 25. Qxg4
b5 26. Bh6 f5 27. exf6 Bxf6 28. Qe6+ Kh8 29. Bxf8 Rb6 30. Bc6 1-0

[Event "Rus Women's Ch"]
[Site "Elista"]
[Date "2002.05.17"]
[Round "7"]
[White "Kursova M"]
[Black "Slavina I"]
[Result "1/2-1/2"]
[WhiteElo "2255"]
[WhiteCountry "RUS"]
[BlackTitle "GM"]
[BlackElo "2370"]
[BlackCountry "RUS"]
[Remark "Message"]
[PresId "705"]

1. d4 e6 2. c4 c5 3. d5 exd5 4. cxd5 d6 5. Nc3 g6 6. e4 Bg7 7. Nf3 a6
8. h3 Ne7 9. a4 O-O 10. Bc4 h6 11. O-O Nd7 12. Bf4 Nf6 13. Qd2 Kh7 14.
Rfe1 Ne8 15. e5 dxe5 16. Bxe5 Nd6 17. Bxd6 Qxd6 18. Ne4 Qd8 19. Nxc5
Nf5 20. Ne4 Nd6 21. Bb3 Bf5 22. Ng3 Qb6 23. Re3 a5 24. Nxf5 Nxf5
1/2-1/2

[Event "Rus Women's Ch"]
[Site "Elista"]
[Date "2002.05.17"]
[Round "7"]
[White "Pogonina N"]
[Black "Kosintseva T"]
[Result "1/2-1/2"]
[WhiteElo "2303"]
[WhiteCountry "RUS"]
[BlackTitle "GM"]
[BlackElo "2373"]
[BlackCountry "RUS"]
[Remark "Message"]
[PresId "701"]

1. e4 c5 2. Nf3 Nc6 3. d4 cxd4 4. Nxd4 g6 5. c4 Bg7 6. Be3 Nf6 7. Nc3
O-O 8. Be2 d6 9. O-O Bd7 10. Qd2 Nxd4 11. Bxd4 Bc6 12. f3 a5 13. b3
Nd7 14. Be3 Nc5 15. Rab1 Qb6 16. Rfc1 Rfc8 17. Kh1 Qd8 18. Bd1 b6 19.
a3 Bb7 20. Nd5 e6 21. Nc3 Be5 22. Bg5 f6 23. Be3 f5 24. Bg5 Qf8 25. b4
axb4 26. axb4 Nd7 27. Be2 f4 28. Nb5 h6 29. Bh4 g5 30. Be1 Bc6 31. Nd4
Qe7 32. Bf2 Bb7 33. Rd1 Nf6 34. Nb5 Rc6 35. Rbc1 g4 36. Bg1 Qf7 37.
Qd3 h5 38. Qb3 Kh7 39. Nc3 gxf3 40. Bxf3 Nd7 41. Na4 Qg6 42. Re1 Rd8
43. b5 Nc5 44. Qc2 Nxa4 45. bxc6 Bxc6 46. Rb1 Rb8 47. Rb3 Nc5 48. Rb4
Rb7 49. Re2 Kh6 50. Qb1 Ra7 51. Qc2 Ra6 52. Re1 Qf6 53. Reb1 Qd8 54.
Rf1 Qa8 55. Bxc5 bxc5 56. Rbb1 Ra3 57. Rfe1 Rc3 58. Qf2 Qd8 59. Rbc1
Bd4 60. Qf1 Ra3 61. Rb1 Qa5 62. Rb8 Ra2 63. Reb1 Rf2 64. Qc1 Be5 65.
h3 Qa2 66. R8b6 Ba4 67. Qe1 Qc2 68. Bd1 Qa2 69. Bf3 1/2-1/2

[Event "Rus Women's Ch"]
[Site "Elista"]
[Date "2002.05.17"]
[Round "7"]
[White "Dorofeeva A"]
[Black "Shumyakina T"]
[Result "0-1"]
[WhiteTitle "IM"]
[WhiteElo "2304"]
[WhiteCountry "RUS"]
[BlackTitle "GM"]
[BlackElo "2366"]
[BlackCountry "RUS"]
[Remark "Message"]
[PresId "715"]

1. d4 d5 2. c4 c6 3. Nf3 Nf6 4. Nc3 e6 5. cxd5 exd5 6. Qc2 g6 7. e3
Bf5 8. Bd3 Bxd3 9. Qxd3 Nbd7 10. O-O Bg7 11. b4 O-O 12. a4 Re8 13. Nd2
a5 14. bxa5 c5 15. Ba3 Rxa5 16. Rab1 b6 17. Qc2 Bf8 18. Qb2 Ra8 19.
Rfd1 Qc7 20. Nf3 Qc6 21. Ne5 Nxe5 22. dxe5 Rxe5 23. Qxb6 Qxb6 24. Rxb6
Re6 25. Rxe6 fxe6 26. Bb2 Nd7 27. Ra1 Ra5 28. Kf1 Nb6 29. Rb1 Nxa4 30.
Nxa4 Rxa4 31. Be5 Ra7 32. Rb6 Kf7 33. Ke2 Be7 34. Rc6 c4 35. e4 Bb4
36. h4 Ke7 37. Bd4 Ra2+ 38. Ke3 Kd7 39. exd5 exd5 40. Rb6 Bd2+ 41. Kf3
c3 42. Ke2 Bf4+ 43. Kd3 c2 44. Rb7+ Kc8 0-1

[Event "Rus Women's Ch"]
[Site "Elista"]
[Date "2002.05.17"]
[Round "7"]
[White "Guseva O"]
[Black "Kovanova B"]
[Result "0-1"]
[WhiteElo "2226"]
[WhiteCountry "RUS"]
[BlackElo "2124"]
[BlackCountry "RUS"]
[Remark "Message"]
[PresId "713"]

1. d4 d5 2. Nf3 e6 3. c4 c6 4. Qc2 f5 5. g3 Nf6 6. Bg2 Bd6 7. O-O O-O
8. Bf4 Bxf4 9. gxf4 Ne4 10. Ne5 Nd7 11. c5 Qe7 12. Nd3 Kh8 13. f3 Nef6
14. Nc3 Nh5 15. e3 g5 16. fxg5 Qxg5 17. Rae1 b6 18. f4 Qg7 19. Ne2 Rg8
20. Nec1 bxc5 21. dxc5 Rb8 22. Nb3 Ba6 23. Rf2 Nhf6 24. Kh1 Ng4 25.
Rf3 Nxh2 26. Rf2 Ng4 27. Rd2 e5 28. fxe5 Qh6+ 29. Kg1 Ndxe5 30. Qc3
Rg7 31. Nbc1 Re8 32. Ree2 Kg8 33. Qb3 Nf3+ 34. Bxf3 Nf2+ 35. Kf1 Qh3+
36. Kxf2 Qg3+ 0-1

[Event "Rus Women's Ch"]
[Site "Elista"]
[Date "2002.05.17"]
[Round "7"]
[White "Chistyakova T"]
[Black "Mirzoeva E"]
[Result "1-0"]
[WhiteElo "2207"]
[WhiteCountry "RUS"]
[BlackTitle "IM"]
[BlackElo "2296"]
[BlackCountry "RUS"]
[Remark "Message"]
[PresId "712"]

1. Nf3 d5 2. d4 Bg4 3. Ne5 Bf5 4. c4 dxc4 5. Nc3 Nf6 6. e3 e6 7. Bxc4
c6 8. Qf3 Bb4 9. Nxf7 Qa5 10. Nxh8 Bxc3+ 11. Kf1 Bg4 12. Qf4 Qb4 13.
Bb3 Nbd7 14. f3 O-O-O 15. Nf7 Rf8 16. Nd6+ Kd8 17. bxc3 Qxc3 18. Nxb7+
Kc8 19. Nd6+ Kd8 20. Ke2 Qxa1 21. fxg4 Nd5 22. Qg5+ Kc7 23. Bxd5 exd5
24. Nf5 Qxa2+ 25. Bd2 Qc4+ 26. Kf3 Qc2 27. Ba5+ Kc8 28. Qf4 Nb6 29.
Nd6+ Kd7 30. Qxf8 1-0

[Event "Rus Women's Ch"]
[Site "Elista"]
[Date "2002.05.17"]
[Round "7"]
[White "Grabuzova T"]
[Black "Khusnutdinova L"]
[Result "1-0"]
[WhiteTitle "GM"]
[WhiteElo "2388"]
[WhiteCountry "RUS"]
[BlackTitle "IM"]
[BlackElo "2250"]
[BlackCountry "RUS"]
[Remark "Message"]
[PresId "707"]

1. b3 d5 2. Bb2 Bf5 3. Nf3 e6 4. c4 Nf6 5. g3 Be7 6. Bg2 O-O 7. O-O c6
8. d3 Nbd7 9. Nbd2 h6 10. Qc2 Bh7 11. a3 a5 12. Bc3 b5 13. cxb5 cxb5
14. b4 Qc7 15. Qb2 Nb6 16. Be5 Qb7 17. Nb3 Na4 18. Qd4 axb4 19. axb4
Rfc8 20. Rac1 Ne8 21. Bh3 Kf8 22. Qf4 Bf6 23. Nfd4 Qd7 24. Nc5 Nxc5
25. Rxc5 Rxc5 26. bxc5 Bxe5 27. Qxe5 Nc7 28. Rb1 Rb8 29. c6 Qd8 30.
Bxe6 Qe7 31. f4 f6 32. Qe3 Re8 33. f5 Bxf5 34. Nxf5 Qxe6 35. Qxe6 Rxe6
36. Nd4 Re8 37. Ra1 Ne6 38. Nxe6+ Rxe6 39. Rc1 Re8 40. Rc5 Rc8 41.
Rxd5 b4 42. Rb5 Rxc6 43. Rxb4 Rc7 44. Kf2 Kf7 45. Rb6 Kg6 46. Kf3 Re7
47. h4 h5 48. e4 Kf7 49. d4 Ra7 50. Rb3 g6 51. d5 Rd7 52. Kf4 Kg7 53.
Rd3 Re7 54. Rc3 Rd7 55. Rc5 Kf7 56. e5 Ra7 57. exf6 Ra3 58. d6 Kxf6
59. Rd5 Ra4+ 60. Ke3 Ra3+ 61. Ke4 Ra8 62. d7 Rd8 63. Kf4 1-0

[Event "Rus Women's Ch"]
[Site "Elista"]
[Date "2002.05.17"]
[Round "7"]
[White "Kryukova I"]
[Black "Druzhinina O"]
[Result "0-1"]
[WhiteTitle "GM"]
[WhiteElo "2304"]
[WhiteCountry "RUS"]
[BlackElo "2261"]
[BlackCountry "RUS"]
[Remark "Message"]
[PresId "714"]

1. e4 c5 2. Nf3 d6 3. d4 cxd4 4. Nxd4 Nf6 5. Nc3 a6 6. Bc4 e6 7. Bb3
b5 8. O-O Be7 9. Qf3 Qb6 10. Be3 Qb7 11. Qg3 b4 12. Na4 Nbd7 13. f3
O-O 14. Rad1 Kh8 15. Ne2 a5 16. Qf2 Qa6 17. Nf4 Rb8 18. Rfe1 Bb7 19.
Qe2 Qc6 20. c4 bxc3 21. Nxc3 Ba6 22. Qf2 Ne5 23. Ba4 Qb7 24. Ba7 Ra8
25. Bd4 Rfc8 26. Kh1 Rab8 27. Bb3 Nc6 28. Be3 Nb4 29. Qd2 Nd7 30. Nfe2
Nc5 31. Bxc5 dxc5 32. Nc1 c4 33. Ba4 Nd3 34. Nxd3 cxd3 35. Bb3 Bb4 36.
Rc1 Kg8 37. Red1 Rc7 38. Re1 h6 39. f4 Rbc8 40. f5 exf5 41. exf5 Bxc3
42. Rxc3 Rxc3 43. bxc3 Qc6 44. Rc1 a4 45. Bd1 Qe4 46. f6 g5 47. h3 Re8
48. Bf3 Qe5 49. c4 Qd4 50. Qc3 d2 0-1

[Event "Rus Women's Ch"]
[Site "Elista"]
[Date "2002.05.17"]
[Round "7"]
[White "Kozlovskaya V"]
[Black "Strutinskaya G"]
[Result "1/2-1/2"]
[WhiteTitle "GM"]
[WhiteElo "2246"]
[WhiteCountry "RUS"]
[BlackTitle "IM"]
[BlackElo "2336"]
[BlackCountry "RUS"]
[Remark "Message"]
[PresId "711"]

1. d4 e6 2. Nf3 c5 3. e3 Nf6 4. Bd3 a6 5. a4 Qc7 6. c3 Nc6 7. Nbd2 Rb8
8. O-O d5 9. e4 dxe4 10. Nxe4 Nxe4 11. Bxe4 Bd6 12. dxc5 Bxc5 13. h3
h6 14. Qe2 O-O 15. Be3 Bd6 16. Rfd1 f5 17. Bxc6 Qxc6 18. Bd4 b5 19.
Be5 Bxe5 20. Qxe5 Rb7 21. Rd6 Qe8 22. a5 Re7 23. Rad1 Qg6 24. Nd4 Ree8
25. f3 f4 26. Re1 Rf6 27. b3 Qg3 28. Re2 Rg6 29. Qe4 Rf6 30. c4 bxc4
31. bxc4 Qg5 32. Qe5 Qg6 33. c5 Qb1+ 34. Kh2 Qb8 35. Rb6 Qxe5 36. Rxe5
Rf7 37. c6 Rc7 38. Nb3 Kf7 39. Nc5 Kf6 40. Re1 g5 41. Rd1 Ke7 42. Nb7
Rf8 43. Nc5 Rf5 44. Nb3 h5 45. Rd4 Rd5 46. Rc4 Kd6 47. h4 gxh4 48.
Rxf4 h3 49. Rf8 hxg2 50. Kxg2 Rg7+ 51. Kf2 Kc7 52. Rb4 Rh7 53. Kg3
Rg7+ 54. Kf2 Rf5 55. Rh8 e5 56. Nc5 Rgf7 57. Rb3 e4 58. Nxe4 Be6 59.
Rb7+ Kxc6 60. Rb6+ Kd5 61. Nd2 Rf8 62. Rh6 R8f6 63. Rxf6 Rxf6 64. Rxa6
h4 65. Nf1 Rf4 66. Rb6 Ra4 67. Ne3+ Ke5 68. Rb5+ Kd4 69. Ng4 Ra2+ 70.
Kg1 Bd5 71. Rb4+ Kc5 72. Rf4 Rxa5 1/2-1/2

[Event "Rus Women's Ch"]
[Site "Elista"]
[Date "2002.05.17"]
[Round "7"]
[White "Dordzhieva N"]
[Black "Tomilova E"]
[Result "1/2-1/2"]
[WhiteElo "2123"]
[WhiteCountry "RUS"]
[BlackElo "2311"]
[BlackCountry "RUS"]
[Remark "Message"]
[PresId "717"]

1. d4 d5 2. c4 c6 3. Nf3 Nf6 4. Nc3 a6 5. e3 b5 6. c5 Bg4 7. Be2 Nbd7
8. O-O e6 9. a3 Be7 10. b4 O-O 11. Ne5 Bxe2 12. Nxe2 Qc7 13. Bb2 Ne8
14. Nf4 Bg5 15. Nh3 Be7 16. Nf4 Qc8 17. Qg4 f5 18. Qe2 Bf6 19. Nfd3
Bxe5 20. dxe5 Nc7 21. Bc3 Rf7 22. f4 Nf8 23. Ne1 Ng6 24. Nf3 Ne8 25.
Ng5 Rfa7 26. Qh5 Nf8 27. Rf3 g6 28. Qh4 Qd7 29. Rff1 Ng7 30. Nf3
1/2-1/2

[Event "Rus Women's Ch"]
[Site "Elista"]
[Date "2002.05.17"]
[Round "7"]
[White "Stepovaya T"]
[Black "Khasanova E"]
[Result "1-0"]
[WhiteTitle "GM"]
[WhiteElo "2428"]
[WhiteCountry "RUS"]
[BlackTitle "IM"]
[BlackElo "2256"]
[BlackCountry "RUS"]
[Remark "Message"]
[PresId "708"]

1. e4 e6 2. d3 d5 3. Qe2 dxe4 4. dxe4 e5 5. c3 Nf6 6. Nf3 Nbd7 7. Qc2
a5 8. Nbd2 Bc5 9. Be2 O-O 10. Nc4 Ng4 11. O-O b5 12. h3 Nxf2 13. Ne3
Nxh3+ 14. gxh3 Nf6 15. Kh2 Bxh3 16. Kxh3 Bxe3 17. Bxe3 Qd7+ 18. Kg2
Qg4+ 19. Kf2 Nxe4+ 20. Ke1 f5 21. Rg1 Qh3 22. Rd1 Nd6 23. Bf2 e4 24.
Bd4 g6 25. Qb3+ Nf7 26. Ng5 Qh2 27. Nxf7 Rxf7 28. Qxb5 Rd8 29. Qe5
Qxe5 30. Bxe5 Rxd1+ 31. Bxd1 1-0

[Event "Rus Women's Ch"]
[Site "Elista"]
[Date "2002.05.17"]
[Round "7"]
[White "Vasilevich I"]
[Black "Shaydullina S"]
[Result "1/2-1/2"]
[WhiteElo "2208"]
[WhiteCountry "RUS"]
[BlackElo "2245"]
[BlackCountry "RUS"]
[Remark "Message"]
[PresId "709"]

1. e4 c5 2. Nf3 d6 3. d4 cxd4 4. Nxd4 Nf6 5. Nc3 Nc6 6. Bc4 e6 7. Be3
Be7 8. Bb3 O-O 9. f4 Nxd4 10. Bxd4 e5 11. fxe5 dxe5 12. Bxe5 Qa5 13.
Bxf6 Bxf6 14. O-O Bxc3 15. bxc3 Be6 16. Bxe6 Qb6+ 17. Kh1 Qxe6 18. Qd5
Qe7 19. Rab1 b6 20. Rb4 Rad8 21. Qf5 g6 22. Qf4 Qc5 23. e5 Qxc3 24.
Rc4 Qd2 25. Qxd2 Rxd2 1/2-1/2

[Event "RUS Women's Ch"]
[Site "Elista"]
[Date "2002.05.18"]
[Round "8"]
[White "Zimina O"]
[Black "Stepovaya T"]
[Result "1-0"]
[WhiteTitle "IM"]
[WhiteElo "2360"]
[WhiteCountry "RUS"]
[BlackTitle "GM"]
[BlackElo "2428"]
[BlackCountry "RUS"]
[Remark "Message"]
[PresId "83"]

1. e4 e5 2. Nf3 Nc6 3. Bc4 Nf6 4. d3 h6 5. O-O d6 6. c3 g6 7. d4 Qe7
8. Re1 Bg7 9. Nbd2 O-O 10. h3 Nh7 11. Nf1 Ng5 12. N1h2 Nxf3+ 13. Nxf3
Kh7 14. dxe5 dxe5 15. Qe2 Bd7 16. Nh2 f5 17. exf5 gxf5 18. Nf1 e4 19.
Bd5 Ne5 20. Bxb7 Rab8 21. Bd5 Qh4 22. Ng3 c6 23. Bb3 Be8 24. Be3 f4
25. Bxa7 Rxb3 26. axb3 fxg3 27. Qxe4+ Qxe4 28. Rxe4 Bg6 29. Re2 gxf2+
30. Bxf2 Nd3 31. Bd4 Bxd4+ 32. cxd4 Rf6 33. Re7+ Bf7 34. Rf1 Kg6 35.
Re3 Rxf1+ 36. Kxf1 Nb4 37. Ke2 Nd5 38. Rf3 Be6 39. Rf8 Nf6 40. Rb8 Bd5
41. Kf2 h5 42. b4 Ne4+ 43. Ke3 Nd6 44. Kf4 h4 45. b5 Nxb5 46. Ke5 Nc7
47. b4 Na6 48. Rb6 Nc7 49. Rb7 Ne8 50. b5 Bxg2 51. b6 1-0

[Event "RUS Women's Ch"]
[Site "Elista"]
[Date "2002.05.18"]
[Round "8"]
[White "Zayac E"]
[Black "Kosintseva N"]
[Result "1-0"]
[WhiteTitle "GM"]
[WhiteElo "2346"]
[WhiteCountry "RUS"]
[BlackTitle "IM"]
[BlackElo "2336"]
[BlackCountry "RUS"]
[Remark "Message"]
[PresId "84"]

1. d4 f5 2. g3 Nf6 3. Bg2 g6 4. Nf3 Bg7 5. O-O O-O 6. c4 d6 7. Nc3 Qe8
8. Nd5 Nxd5 9. cxd5 Nd7 10. Ng5 Nf6 11. Qc2 h6 12. Nh3 g5 13. f4 g4
14. Nf2 Qf7 15. Qxc7 Nxd5 16. Qa5 Be6 17. e4 fxe4 18. Bxe4 Bxd4 19. f5
Nb6 20. Bxh6 Bxf5 21. Qd2 Bg7 22. Nxg4 Qg6 23. Bxg7 Kxg7 24. Rxf5 Rxf5
25. Ne3 e6 26. Bxf5 exf5 27. Qd4+ Kh7 28. Rf1 Rf8 29. Rf4 Qf6 30. Qxf6
Rxf6 31. Rxf5 Re6 32. Kf2 Kg6 33. Rf8 Na4 34. Nd5 Re5 35. Nf4+ Kg7 36.
Rd8 Rb5 37. Rd7+ Kg8 38. b3 Nc3 39. h4 Nxa2 40. h5 Rf5 41. Rxb7 Rf7
42. Rxf7 Kxf7 43. g4 Nb4 44. g5 Nc6 45. Ke3 Ne7 46. Ke4 a5 47. Nd5 Nc6
48. Ne3 Ne5 49. Nc4 Nc6 50. Nxd6+ Ke6 51. Nc4 1-0

[Event "RUS Women's Ch"]
[Site "Elista"]
[Date "2002.05.18"]
[Round "8"]
[White "Polovnikova E"]
[Black "Pogonina N"]
[Result "1-0"]
[WhiteTitle "GM"]
[WhiteElo "2366"]
[WhiteCountry "RUS"]
[BlackElo "2303"]
[BlackCountry "RUS"]
[Remark "Message"]
[PresId "82"]

1. e4 c5 2. Nc3 Nc6 3. g3 g6 4. Bg2 Bg7 5. d3 e6 6. Be3 d6 7. Qd2 Nge7
8. Bh6 O-O 9. h4 Kh8 10. Bxg7+ Kxg7 11. h5 Ng8 12. O-O-O e5 13. f4 Nd4
14. Rf1 Rb8 15. Nf3 Bg4 16. Nxd4 cxd4 17. Nd5 Be6 18. g4 exf4 19. Qxf4
h6 20. e5 Qg5 21. exd6 Rfd8 22. hxg6 fxg6 23. Rxh6 Qxf4+ 24. Nxf4 Bf7
25. Rh2 Nf6 26. Rfh1 g5 27. Ne2 Be6 28. Nxd4 Bxg4 29. Bh3 Rxd6 30. c3
Bxh3 31. Rxh3 Kf7 32. Rg3 Rd5 33. Kc2 g4 34. b4 Re8 35. Kb3 Kg6 36.
Rf1 Kg5 37. Rxf6 Kxf6 38. Rxg4 Rd7 39. Rg3 Ke7 40. a4 Kd8 41. b5 Rde7
42. a5 Re3 43. Rg7 R8e7 44. Rxe7 Rxe7 45. a6 Kc7 46. axb7 Kxb7 47. Kb4
Re1 48. Nb3 Kb6 49. c4 Rh1 50. c5+ Kc7 51. d4 Rh2 52. d5 Rh4+ 53. Kc3
Ra4 54. Nd4 Ra1 55. d6+ Kd7 56. Kc4 Rh1 57. Nf5 Rh5 58. c6+ Kd8 59.
Ne7 Rh4+ 60. Kc5 Rh5+ 61. Kb4 Rh4+ 62. Ka5 1-0

[Event "RUS Women's Ch"]
[Site "Elista"]
[Date "2002.05.18"]
[Round "8"]
[White "Grabuzova T"]
[Black "Kursova M"]
[Result "1-0"]
[WhiteTitle "GM"]
[WhiteElo "2388"]
[WhiteCountry "RUS"]
[BlackElo "2255"]
[BlackCountry "RUS"]
[Remark "Message"]
[PresId "85"]

1. b3 d5 2. Bb2 Bg4 3. Nf3 Nd7 4. g3 Ngf6 5. Bg2 e6 6. c4 c6 7. O-O
Bd6 8. d3 O-O 9. h3 Bh5 10. cxd5 cxd5 11. Nd4 Qb6 12. a4 a6 13. a5 Qa7
14. Qd2 Bg6 15. b4 Rac8 16. Na3 Rfd8 17. Rfc1 Be5 18. Nf3 Bxb2 19.
Qxb2 Ne8 20. Ne5 Nxe5 21. Qxe5 Qa8 22. Rc5 Nf6 23. Qc3 Nd7 24. Rc7 Qb8
25. Rc1 Rxc7 26. Qxc7 Ne5 27. b5 axb5 28. Nxb5 Nc6 29. Qb6 h6 30. Kh2
Kh7 31. d4 Rc8 32. Rc5 f6 33. Bf1 Be8 34. e3 Bd7 35. Kg2 Kh8 36. Bd3
f5 37. Nc3 Ne7 38. Bb5 Bxb5 39. Qxb5 Rxc5 40. Qxc5 Qd8 41. Na4 Kg8 42.
Qb5 Nc8 43. Qxb7 Nd6 44. Qb6 1-0